Proposals to rationalise compensation for notifiable diseases (Record no. 73664)
[ view plain ]
| 000 -LEADER | |
|---|---|
| fixed length control field | 01139cam a2200241 4500 |
| 001 - CONTROL NUMBER | |
| control field | WB3941-17 |
| 008 - FIXED-LENGTH DATA ELEMENTS--GENERAL INFORMATION | |
| fixed length control field | 031028n2003 000 0 eng u |
| 035 ## - SYSTEM CONTROL NUMBER | |
| System control number | (Sirsi) u124099 |
| 245 ## - TITLE STATEMENT | |
| Title | Proposals to rationalise compensation for notifiable diseases |
| 260 ## - PUBLICATION, DISTRIBUTION, ETC. | |
| Date of publication, distribution, etc. | 2003 |
| 490 ## - SERIES STATEMENT | |
| Series statement | DEFRA News Release |
| Volume/sequential designation | (443/03) 27 October 2003 (2) |
| 520 ## - SUMMARY, ETC. | |
| Summary, etc. | Defra and the Welsh Assembly Government revealed proposals to rationalise compensation for notifiable diseases. The main aim of the measures is to create a simple system that will deliver predictable levels of compensation for livestock farmers who lose stock to notifiable animal diseases. Consultation document http://www.defra.gov.uk/corporate/consult/current.htm The deadline for responses is 7 January 2004. http://www.gnn.gov.uk/gnn/national.nsf/Daily+News/74FF5B484971BE3380256DCC0054687E?opendocument. |
| 590 ## - LOCAL NOTE (RLIN) | |
| Local note | WB |
| 650 ## - SUBJECT ADDED ENTRY--TOPICAL TERM | |
| Topical term or geographic name entry element | DEFRA |
| 650 ## - SUBJECT ADDED ENTRY--TOPICAL TERM | |
| Topical term or geographic name entry element | COMPENSATION |
| 650 ## - SUBJECT ADDED ENTRY--TOPICAL TERM | |
| Topical term or geographic name entry element | LIVESTOCK FARMING |
| 650 ## - SUBJECT ADDED ENTRY--TOPICAL TERM | |
| Topical term or geographic name entry element | NOTIFIABLE ANIMAL DISEASES |
| 650 ## - SUBJECT ADDED ENTRY--TOPICAL TERM | |
| Topical term or geographic name entry element | CONSULTATION PAPERS |
| 650 ## - SUBJECT ADDED ENTRY--TOPICAL TERM | |
| Topical term or geographic name entry element | MONITORING |
| 650 ## - SUBJECT ADDED ENTRY--TOPICAL TERM | |
| Topical term or geographic name entry element | FAIR VALUATION |
| 690 ## - LOCAL SUBJECT ADDED ENTRY--TOPICAL TERM (OCLC, RLIN) | |
| Topical term or geographic name as entry element | RURAL |
| 9 (RLIN) | 6268 |
| 942 ## - ADDED ENTRY ELEMENTS (KOHA) | |
| Suppress in OPAC | 0 |
| Withdrawn status | Lost status | Source of classification or shelving scheme | Damaged status | Not for loan | Home library | Current library | Shelving location | Date acquired | Total Checkouts | Full call number | Barcode | Date last seen | Copy number | Price effective from | Koha item type |
|---|---|---|---|---|---|---|---|---|---|---|---|---|---|---|---|
| Dewey Decimal Classification | London | London | News article | 28/10/2003 | WB3941-17 | 124099-1001 | 06/08/2019 | 1 | 06/08/2019 | News article |